Comparative aspects of extracellular acid-base balance /

Bibliographic Details
Main Author: Truchot, J.-P. (Jean-Paul), 1937-
Format: Book
Language:English
Published: Berlin ; New York : Springer-Verlag, [1987]
Series:Zoophysiology ; v. 20.
Subjects:

MARC

Tag First Indicator Second Indicator Subfields
LEADER 00000cam a2200000 a 4500
001 in00000008396
005 20151003050045.0
008 870513s1987 wb a b 00110 eng
010 |a  87012905  
020 |a 0387179410 (U.S.) 
035 |a (OCoLC)15792578 
035 |9 AAA0783AM 
040 |a DLC  |c DLC  |d TXA  |d UtOrBLW 
050 0 0 |a QP90.7  |b .T78 1987 
082 0 |a 591.19/212  |2 19 
100 1 |a Truchot, J.-P.  |q (Jean-Paul),  |d 1937- 
245 1 0 |a Comparative aspects of extracellular acid-base balance /  |c Jean-Paul Truchot. 
264 1 |a Berlin ;  |a New York :  |b Springer-Verlag,  |c [1987] 
264 4 |c ©1987 
300 |a xiv, 248 pages :  |b illustrations ;  |c 25 cm. 
336 |a text  |b txt  |2 rdacontent 
337 |a unmediated  |b n  |2 rdamedia 
338 |a volume  |b nc  |2 rdacarrier 
490 1 |a Zoophysiology ;  |v v. 20 
504 |a Bibliography: pages 201-241. 
500 |a Includes index. 
650 0 |a Acid-base equilibrium. 
650 0 |a Extracellular fluid. 
650 0 |a Physiology, Comparative. 
830 0 |a Zoophysiology ;  |v v. 20. 
999 |a MARS 
999 f f |s 668c44ee-81da-3183-9546-49a93b8db98b  |i 0435cab1-bce8-3114-8d49-06bac2b8b496  |t 0 
952 f f |p ric  |a Texas A&M University  |b Rellis Campus  |c Joint Library Facility  |d Remote Storage  |t 0  |e QP90.7 .T78 1987  |h Library of Congress classification  |i unmediated -- volume  |m A14812557963 
998 f f |a QP90.7 .T78 1987  |t 0  |l Remote Storage